Dieter HENRICH. — Between Kant and Hegel. Lectures on German Idealism, édité par David S. Pacini, Cambridge MA, Londres, Harvard University Press, 2003, 346 pages avec préface, avant-propos et index. (notice n° 1579754)

détails MARC
000 -LEADER
fixed length control field 01877cam a2200169 4500500
005 - DATE AND TIME OF LATEST TRANSACTION
control field 20251228050057.0
041 ## - LANGUAGE CODE
Language code of text/sound track or separate title fre
042 ## - AUTHENTICATION CODE
Authentication code dc
100 10 - MAIN ENTRY--PERSONAL NAME
Personal name Goubet, Jean-François
Relator term author
245 00 - TITLE STATEMENT
Title Dieter HENRICH. — Between Kant and Hegel. Lectures on German Idealism, édité par David S. Pacini, Cambridge MA, Londres, Harvard University Press, 2003, 346 pages avec préface, avant-propos et index.
260 ## - PUBLICATION, DISTRIBUTION, ETC.
Date of publication, distribution, etc. 2005.<br/>
500 ## - GENERAL NOTE
General note 59
520 ## - SUMMARY, ETC.
Summary, etc. Lors de son séjour à Berne, celui qui deviendra le plus grand philosophe de la réconciliation pense l’échec, voire l’impossibilité de toute réconciliation. Le jeune Hegel commence par affirmer la nécessité d’un retour aux sources de la réconciliation chrétienne; puis il s’interroge sur l’échec de la réconciliation proposée par le Christ, sur la persistance de l’irréconciliation, et sur la fausse réconciliation. La conclusion fait ressortir le thème du renversement d’une doctrine initialement pure et celui du remède contre la fausse réconciliation.
520 ## - SUMMARY, ETC.
Summary, etc. During his stay in Bern, the young man who was to become the greatest philosopher of reconciliation thought up the notion of failure, or the impossibility of any reconciliation. Young Hegel began to assert the necessity of returning to the sources of Christian reconciliation. He then questioned himself about the failure of the reconciliation as it was proposed by Christ, about the persistence of irreconciliation and false reconciliation. What the conclusion put forward is the theme of inversion of a doctrine that was originally pure and the theme of the remedy implemented against false reconciliation.
786 0# - DATA SOURCE ENTRY
Note Archives de philosophie | 68 | 4 | 2005-12-01 | p. 663b-673b | 0003-9632
856 41 - ELECTRONIC LOCATION AND ACCESS
Uniform Resource Identifier <a href="https://shs.cairn.info/revue-archives-de-philosophie-2005-4-page-663b?lang=fr&redirect-ssocas=7080">https://shs.cairn.info/revue-archives-de-philosophie-2005-4-page-663b?lang=fr&redirect-ssocas=7080</a>

Pas d'exemplaire disponible.

PLUDOC

PLUDOC est la plateforme unique et centralisée de gestion des bibliothèques physiques et numériques de Guinée administré par le CEDUST. Elle est la plus grande base de données de ressources documentaires pour les Étudiants, Enseignants chercheurs et Chercheurs de Guinée.

Adresse

627 919 101/664 919 101

25 boulevard du commerce
Kaloum, Conakry, Guinée

Réseaux sociaux

Powered by Netsen Group @ 2025